000 00746nam a2200241 a 4500
005 20240925064439.0
008 020201s2000 mx r 000 0 spa d
020 _a8449309220
035 _aUPN01000115536
049 _aCG
050 4 _aHQ772
_bN3.28
100 1 _aNatanson, Jan.
245 1 0 _aAprender jugando :
_buna guía para padres durante los primeros cinco años /
_cJan Natanson ; tr. Alicia Sánchez Millet.
260 _aBarcelona, Esp.
_bPaidós,
_c2000.
300 _a176 p.
440 0 _aGuía para padres ;
_v47)
534 _pTraducción de:
_tLearning through play.
650 4 _aDesarrollo infantil
_9176
650 4 _aNiño, Estudio del
_9221
650 4 _aPadres e hijos
_91360
905 _aLibro
999 _c88836
_d88836